Statistics for Guess the lyrics (#89)

Click here to take the quiz!

General Stats

  • This quiz has been taken 48 times
  • The average score is 88 of 181

Answer Stats

Answer% Correct
I
100%
a
98%
The
96%
on
93%
and
89%
in
89%
He
87%
he
87%
me
87%
You
87%
you
87%
to
85%
of
83%
love
80%
no
80%
No
80%
is
78%
my
78%
My
78%
where
78%
your
78%
that
76%
am
70%
Then
70%
there
70%
was
70%
all
65%
I'm
65%
can
63%
For
63%
man
63%
day
61%
one
61%
have
59%
It's
59%
this
59%
see
57%
I've
54%
But
52%
him
52%
I'll
52%
just
52%
been
50%
place
50%
has
48%
here
48%
now
48%
his
46%
well
41%
some
39%
never
37%
you'll
37%
more
30%
born
28%
die
28%
many
28%
may
28%
old
26%
raised
26%
world
26%
he'll
24%
He'll
24%
help
24%
long
24%
lover
24%
years
24%
again
22%
seen
22%
constant
20%
sorrow
20%
think
20%
friends
17%
Kentucky
15%
trouble
15%
bound
13%
face
13%
fare
13%
found
13%
lay
13%
meet
13%
upon
13%
bid
11%
bury
11%
earth
11%
farewell
11%
learn
11%
ride
11%
six
11%
thee
11%
train
11%
another
9%
expect
9%
given
9%
God's
9%
golden
9%
grave
9%
Maybe
9%
northern
9%
Perhaps
9%
railroad
9%
ramble
9%
While
9%
deep
7%
pleasures
7%
promise
7%
shore
7%
sleeping
7%
stranger
7%
valley
7%

Score Distribution

Percentile by Number Answered

Percent of People with Each Score

Your Score History

You have not taken this quiz